Exploring Angkor (Record no. 1519)

MARC details
000 -LEADER
fixed length control field 01546nam a22003377a 4500
001 - CONTROL NUMBER
control field 1519
003 - CONTROL NUMBER IDENTIFIER
control field FISKH
005 - DATE AND TIME OF LATEST TRANSACTION
control field 20231002085625.0
008 - FIXED-LENGTH DATA ELEMENTS--GENERAL INFORMATION
fixed length control field 230901b cb ||||| |||| 00| 0 eng d
040 ## - CATALOGING SOURCE
Original cataloging agency FISKH
Language of cataloging eng
Transcribing agency FISKH
Modifying agency FISKH
082 ## - DEWEY DECIMAL CLASSIFICATION NUMBER
Classification number 959.6
100 ## - MAIN ENTRY--PERSONAL NAME
Personal name Sun Heng Meng Chheang.
245 ## - TITLE STATEMENT
Title Exploring Angkor
Remainder of title Angkor Wat & Bayon
Statement of responsibility, etc. Written by Sun Heng Meng Chheang and Huot Sarith with contributions from Olivier Cunin, Bertrand Porte and Dominigue Soutif.
246 ## - VARYING FORM OF TITLE
Title proper/short title Angkor Wat and Bayon
260 ## - PUBLICATION, DISTRIBUTION, ETC.
Place of publication, distribution, etc. Phnom Penh :
Name of publisher, distributor, etc. Sipar,
Date of publication, distribution, etc. 2012.
300 ## - PHYSICAL DESCRIPTION
Extent 51 pages :
Other physical details color illustrations ;
Dimensions 20 cm
490 ## - SERIES STATEMENT
Series statement I would like to know
Volume/sequential designation Part 1
505 ## - FORMATTED CONTENTS NOTE
Formatted contents note Z'<br/>
520 ## - SUMMARY, ETC.
Summary, etc. Written in English, Exploring Angkor Part 1 (Angkor Wat and Bayon) guides readers to know more about Angkor Wat and Bayon temple based on understanding the low reliefs of those temples. Each low relief provides different information and story: some are history, mythology, Indian Epics (Mahabarata and Ramayana) and daily life (Bayon). Moreover, it also demonstrates the belief of Hinduism based on the reliefs.
521 8# - TARGET AUDIENCE NOTE
Target audience note 1000<br/>
Source Lexile estimate<br/>
521 8# - TARGET AUDIENCE NOTE
Target audience note Z'<br/><br/>
Source Raz-Plus<br/>
610 ## - SUBJECT ADDED ENTRY--CORPORATE NAME
Source of heading or term Angkor Wat (Angkor)
650 ## - SUBJECT ADDED ENTRY--TOPICAL TERM
Topical term or geographic name entry element Buddhist temples
Geographic subdivision Cambodia
-- Angkor (Extinct city)
651 ## - SUBJECT ADDED ENTRY--GEOGRAPHIC NAME
Geographic name Angkor (Extinct city)
General subdivision History
651 ## - SUBJECT ADDED ENTRY--GEOGRAPHIC NAME
Geographic name Angkor (Extinct city)
General subdivision Discovery and exploration.
700 ## - ADDED ENTRY--PERSONAL NAME
Personal name Huot Sarith.
700 ## - ADDED ENTRY--PERSONAL NAME
Personal name Cunin, Olivier
700 ## - ADDED ENTRY--PERSONAL NAME
Personal name Porte, Bertrand
700 ## - ADDED ENTRY--PERSONAL NAME
Personal name Soutif, Dominique
942 ## - ADDED ENTRY ELEMENTS (KOHA)
Source of classification or shelving scheme Dewey Decimal Classification
Koha item type Books
Suppress in OPAC No
Holdings
Withdrawn status Lost status Source of classification or shelving scheme Damaged status Not for loan Collection Home library Current library Shelving location Date acquired Total Checkouts Full call number Barcode Date last seen Copy number Price effective from Koha item type
    Dewey Decimal Classification     Khmer-English Bilingual / ភាសាខ្មែរ-អង់គ្លេស Footprints International School Library Network Toul Kork Campus Footprints International School Library Network Toul Kork Campus TK Floor 4 Rear Hallway Shelf 1 (Adult/Secondary Foriegn Language/Khmer) 09/01/2023   MEN 959.6 2023-0551 09/01/2023 1 09/01/2023 Books
    Dewey Decimal Classification     Khmer-English Bilingual / ភាសាខ្មែរ-អង់គ្លេស Footprints International School Library Network Toul Kork Campus Footprints International School Library Network Toul Kork Campus TK Floor 4 Rear Hallway Shelf 1 (Adult/Secondary Foriegn Language/Khmer) 09/01/2023   MEN 959.6 2023-0552 09/01/2023 2 09/01/2023 Books